[Event "Titled Tue 17th Jun Late"]
[Site "chess.com INT"]
[Date "2025.06.17"]
[Round "4"]
[White "Amarasinghe, A A C B"]
[Black "Miserendino, Alfredo"]
[Result "0-1"]
[WhiteTitle "CM"]
[WhiteElo "1922"]
[BlackElo "2032"]
[WhiteFideId "9901809"]
[BlackFideId "101800"]
[EventDate "2025.06.17"]

1. d4 c5 2. d5 Nf6 3. c4 b5 4. cxb5 a6 5. bxa6 Bxa6 6. Nc3 d6 7. Nf3 g6 8. g3
Bg7 9. Bg2 O-O 10. O-O Nbd7 11. Qc2 Nb6 12. Rd1 Bb7 13. Nh4 Ra6 14. Rb1 Qa8 15.
b3 Nfxd5 16. Nxd5 Bxd5 17. Bxd5 Nxd5 18. Bb2 Rxa2 19. Qe4 Rxb2 20. Rxb2 Bxb2 21.
Qxd5 Qxd5 22. Rxd5 Rb8 23. Rd3 f5 24. Nf3 Bf6 25. Nd2 Kf7 26. e4 Bd4 27. exf5
gxf5 28. Nf3 e5 29. Nxd4 cxd4 30. h4 h5 31. Kf1 Ke6 32. Ke2 Kd5 33. Rf3 Ke4 34.
Rd3 Ra8 35. f3+ Kd5 36. g4 hxg4 37. fxg4 e4 38. Rd1 f4 39. h5 Ra2+ 40. Kf1 f3
41. g5 e3 42. h6 e2+ 43. Ke1 exd1=Q+ 44. Kxd1 Rb2 45. g6 f2 46. g7 f1=Q# 0-1

[Event "Titled Tue 17th Jun Late"]
[Site "chess.com INT"]
[Date "2025.06.17"]
[Round "4"]
[White "Zou, Chen"]
[Black "Schmider, Niklas"]
[Result "1-0"]
[WhiteTitle "IM"]
[BlackTitle "IM"]
[WhiteElo "2443"]
[BlackElo "2421"]
[WhiteFideId "8610959"]
[BlackFideId "12993778"]
[EventDate "2025.06.17"]

1. e4 c6 2. Nf3 d5 3. Nc3 dxe4 4. Nxe4 Nd7 5. Bc4 Ngf6 6. Qe2 Nxe4 7. Qxe4 Nf6
8. Ne5 e6 9. Qe2 Bd6 10. d4 O-O 11. c3 Qc7 12. Bd3 c5 13. O-O b6 14. Bg5 Nd7 15.
Nc4 Bxh2+ 16. Kh1 Bb7 17. Qh5 h6 18. Bxh6 Nf6 19. Qg5 Ne8 20. f4 f5 21. Kxh2 Rf6
22. Bxg7 Qxg7 23. Ne5 cxd4 24. cxd4 Nd6 25. Rac1 Rh6+ 26. Kg1 Qxg5 27. fxg5 Rh5
28. g6 Rg5 29. Rf2 Rc8 30. Rxc8+ Bxc8 31. Rc2 Bb7 32. Bf1 f4 33. Rc7 Be4 34. Rd7
Nf5 35. Rd8+ Kg7 36. Rd7+ Kg8 37. Kf2 Ne3 38. Rd8+ Kg7 39. Rd7+ Kg8 40. Rf7 Bxg2
41. Bxg2 Rxg2+ 42. Kf3 Rxg6 43. Rxf4 Rg2 44. Kxe3 Rxb2 45. Rf2 Rb4 46. Rf6 Ra4
47. Rxe6 Rxa2 48. d5 Ra1 49. d6 Rd1 50. d7 Kg7 51. Re8 1-0

[Event "Titled Tue 17th Jun Late"]
[Site "chess.com INT"]
[Date "2025.06.17"]
[Round "4"]
[White "Rustemov, Alexander"]
[Black "Mekhitarian, Krikor Sevag"]
[Result "1-0"]
[WhiteTitle "GM"]
[BlackTitle "GM"]
[WhiteElo "2525"]
[BlackElo "2564"]
[WhiteFideId "4119002"]
[BlackFideId "2107660"]
[EventDate "2025.06.17"]

1. d4 Nf6 2. Bg5 d5 3. Nd2 c5 4. Bxf6 gxf6 5. dxc5 f5 6. e3 e6 7. c4 dxc4 8.
Bxc4 Bxc5 9. Ngf3 Nd7 10. O-O Nf6 11. Qe2 Rg8 12. Rfd1 Qe7 13. Rac1 Bd7 14. Bb5
a6 15. Bxd7+ Nxd7 16. Nb3 Bb6 17. Rc2 Rd8 18. Rdc1 Nf6 19. Nc5 Bxc5 20. Rxc5 Kf8
21. Rc7 Rd7 22. Rxd7 Qxd7 23. Qc2 Kg7 24. Qc3 Rd8 25. h3 Qe7 26. Nd4 Kg8 27. Qc7
Qxc7 28. Rxc7 Rd7 29. Rc8+ Kg7 30. g3 Ne4 31. Kg2 Nd6 32. Rb8 Ne4 33. g4 fxg4
34. hxg4 Nf6 35. Kf3 Nd5 36. a3 Rc7 37. b4 Nb6 38. Nb3 Nc4 39. a4 Ne5+ 40. Kg3
Rc4 41. Rxb7 Rxg4+ 42. Kh3 Rc4 43. Nc5 Kg6 44. Nxa6 Nd3 45. Kg3 h5 46. f4 Rc3
47. a5 Ra3 48. Nc7 Ne1 49. Kf2 Nc2 50. a6 h4 51. a7 1-0

[Event "Titled Tue 17th Jun Late"]
[Site "chess.com INT"]
[Date "2025.06.17"]
[Round "4"]
[White "Pullela, Sricharan"]
[Black "Zepeda Berlanga, Jan Enrique"]
[Result "1-0"]
[BlackTitle "CM"]
[WhiteElo "2144"]
[BlackElo "1984"]
[WhiteFideId "30951089"]
[BlackFideId "5132355"]
[EventDate "2025.06.17"]

1. d4 Nf6 2. Nf3 d5 3. Bg5 Ne4 4. Bf4 g6 5. Nbd2 Bg7 6. e3 c5 7. c3 Nc6 8. Bd3
Nxd2 9. Nxd2 cxd4 10. exd4 O-O 11. O-O e5 12. dxe5 Nxe5 13. Be2 Re8 14. Nb3 Be6
15. Nd4 Nc4 16. Bc1 Rc8 17. Bf3 a6 18. a4 Qb6 19. b4 Ne5 20. Be2 Rxc3 21. Bb2
Rc7 22. b5 Nc4 23. Bc3 Rec8 24. a5 Qc5 25. b6 Rd7 26. Nxe6 fxe6 27. Bxg7 Kxg7
28. Bg4 Re7 29. Qe2 Rce8 30. Rfd1 e5 31. Qf3 Rd8 32. Qg3 d4 33. Be2 e4 34. Bf1
d3 35. Qh4 Qe5 36. g3 e3 37. fxe3 Qxe3+ 38. Kh1 Rf8 39. Bg2 Rf2 40. Qxc4 Qe2 41.
Qd4+ Kg8 42. Qd5+ Kg7 43. Qd4+ Kf8 44. Qd5 Rxg2 45. Qxg2 1-0

[Event "Titled Tue 17th Jun Late"]
[Site "chess.com INT"]
[Date "2025.06.17"]
[Round "4"]
[White "Mika, Tomasz"]
[Black "Balaji, Aaravamudhan"]
[Result "1-0"]
[WhiteTitle "CM"]
[BlackTitle "IM"]
[WhiteElo "2227"]
[BlackElo "2346"]
[WhiteFideId "1132970"]
[BlackFideId "436224"]
[EventDate "2025.06.17"]

1. e4 d5 2. exd5 Qxd5 3. Nc3 Qa5 4. d4 Nf6 5. Bc4 Bg4 6. Ne2 e6 7. h3 Bh5 8. g4
Bg6 9. Bd2 c6 10. Nf4 Nbd7 11. Nxg6 hxg6 12. Qe2 Bb4 13. O-O-O O-O-O 14. Kb1 Nb6
15. a3 Bxc3 16. Bxc3 Qa4 17. Bb3 Qb5 18. Qxb5 cxb5 19. Ba5 Rh4 20. f3 Rdh8 21.
Bxb6 axb6 22. Rd3 Rxh3 23. Re1 Rh1 24. Rxh1 Rxh1+ 25. Ka2 Rf1 26. Re3 Kd7 27. c3
Nh7 28. Bc2 Ng5 29. Bd3 Kc6 30. Bxf1 Kd6 31. f4 Nh7 32. g5 Nf8 33. Bxb5 Ke7 34.
a4 Kd6 35. b4 Kc7 36. Kb3 Kd6 37. Re1 Kc7 38. Rh1 Kd8 39. Rh8 Ke7 40. Rxf8 Kxf8
41. a5 bxa5 42. bxa5 Ke7 43. Bc6 f6 44. Bxb7 fxg5 45. fxg5 Kd6 46. a6 Kc7 47.
Kb4 Kb6 48. c4 Ka7 49. c5 Kb8 50. Kc4 e5 51. dxe5 Kc7 52. e6 Kb8 53. e7 Ka7 54.
Kd4 Kb8 55. e8=Q+ Kc7 56. Qc8# 1-0

[Event "Titled Tue 17th Jun Late"]
[Site "chess.com INT"]
[Date "2025.06.17"]
[Round "4"]
[White "Przybylski, Wojciech"]
[Black "Araujo Filho, Luiz Antonio Coel"]
[Result "0-1"]
[WhiteTitle "FM"]
[WhiteElo "2340"]
[BlackElo "2077"]
[WhiteFideId "1117599"]
[BlackFideId "2130661"]
[EventDate "2025.06.17"]

1. e4 c6 2. d4 d5 3. Nc3 dxe4 4. Nxe4 Nf6 5. Nxf6+ exf6 6. Bd3 Bd6 7. c3 O-O 8.
Ne2 Re8 9. Qc2 h5 10. Kf1 Nd7 11. Rg1 Nf8 12. Bf4 Qc7 13. Bxd6 Qxd6 14. h3 Be6
15. Re1 b5 16. a3 h4 17. Qd2 g5 18. Qc2 Re7 19. g4 Rae8 20. Be4 Bd5 21. Bxd5
cxd5 22. Qd3 Ng6 23. Kg2 Nf4+ 24. Nxf4 Rxe1 25. Nh5 Rxg1+ 26. Kxg1 Qe6 27. Qxb5
Qe1+ 28. Kg2 Re2 29. Nxf6+ Kg7 30. Nh5+ Kg8 31. Nf6+ Kh8 32. Qb8+ Kg7 33. Nh5+
Kh7 34. Nf6+ Kg6 35. Qg8+ Kxf6 36. Qh8+ Ke7 37. Qe5+ Rxe5 38. dxe5 Qe4+ 39. Kf1
Qxe5 40. f3 Qg3 41. Ke2 Qxh3 42. Ke3 Qg3 43. Kd4 Kd6 44. c4 Qe5+ 45. Kd3 dxc4+
46. Kxc4 h3 47. b4 h2 48. b5 h1=Q 49. b6 Qc1+ 50. Kb4 Qec3+ 51. Ka4 axb6 52. Kb5
Qc5+ 53. Ka6 Qa5+ 54. Kb7 Qc7# 0-1

[Event "Titled Tue 17th Jun Late"]
[Site "chess.com INT"]
[Date "2025.06.17"]
[Round "4"]
[White "Matinian, Nikita"]
[Black "Domingo Nunez, Alejandro"]
[Result "0-1"]
[WhiteTitle "GM"]
[BlackTitle "FM"]
[WhiteElo "2421"]
[BlackElo "2340"]
[WhiteFideId "24129100"]
[BlackFideId "22245561"]
[EventDate "2025.06.17"]

1. e4 g6 2. d4 Bg7 3. Nc3 c6 4. f4 d5 5. e5 f6 6. Nf3 Nh6 7. Bd3 O-O 8. Qe2 Bg4
9. O-O fxe5 10. fxe5 Nf5 11. Be3 e6 12. Nd1 c5 13. c3 cxd4 14. cxd4 Nc6 15. Bxf5
Rxf5 16. Nf2 Bxf3 17. gxf3 Qh4 18. f4 g5 19. Ng4 h5 20. Nf6+ Bxf6 21. exf6 gxf4
22. Bxf4 Rxf4 23. Qxe6+ Kh8 24. Kh1 Rf8 25. f7 Rxf1+ 26. Rxf1 Qe4+ 27. Qxe4 dxe4
28. d5 Nd8 29. Rf5 Nxf7 30. Rxh5+ Kg7 31. Kg2 Kf6 32. Kf2 Nd6 33. Ke3 Re8 34. b3
Re5 35. Rh6+ Ke7 36. Rh7+ Kd8 37. Kd4 Re7 38. Rxe7 Kxe7 39. h4 Kf6 40. h5 Kg5
41. Ke5 e3 42. Kxd6 e2 43. Kc7 e1=Q 44. d6 Qe5 45. a4 Kxh5 46. b4 Kg6 47. b5 Kf7
48. a5 Ke6 49. Kxb7 Qxb5+ 50. Kc7 Qd7+ 51. Kb8 Kxd6 52. a6 Kc6 0-1

[Event "Titled Tue 17th Jun Late"]
[Site "chess.com INT"]
[Date "2025.06.17"]
[Round "4"]
[White "Kislinsky, Alexey"]
[Black "Buchenau, Frank"]
[Result "1/2-1/2"]
[WhiteTitle "GM"]
[BlackTitle "FM"]
[WhiteElo "2341"]
[BlackElo "2205"]
[WhiteFideId "14108801"]
[BlackFideId "4604350"]
[EventDate "2025.06.17"]

1. d4 e6 2. c4 Nf6 3. Nf3 b6 4. g3 Bb7 5. Bg2 Be7 6. O-O O-O 7. b3 d5 8. Nbd2
Nbd7 9. Bb2 c5 10. e3 Rc8 11. Rc1 Qc7 12. Qe2 Qb8 13. Rfd1 Rfd8 14. cxd5 Nxd5
15. dxc5 Nxc5 16. Nc4 Nb4 17. Ba1 Qa8 18. Ne1 Bxg2 19. Nxg2 Qe4 20. f3 Rxd1+ 21.
Rxd1 Qc2 22. Qxc2 Nxc2 23. Bb2 Rd8 24. Rxd8+ Bxd8 25. Bc3 Nd3 26. Nd2 Nc1 27. a4
Ne2+ 28. Kf2 Nxc3 29. Nc4 Be7 30. e4 Bc5+ 31. Kf1 Kf8 32. f4 Ke7 33. e5 Nd4 34.
Nd2 Nf5 35. Ne1 Ne3+ 36. Kf2 Nc2+ 37. Kf1 Nxe1 38. Kxe1 f6 39. Nc4 Nd5 40. h3 h5
41. Ke2 Bd4 42. exf6+ gxf6 43. Kf3 e5 44. fxe5 fxe5 45. Ke4 Ke6 46. g4 Nf6+ 47.
Kf3 e4+ 48. Kf4 hxg4 49. hxg4 Kd5 50. g5 Nh5+ 51. Kg4 Ng7 52. g6 e3 53. Kf3 Ke6
54. Nxe3 Bxe3 55. Kxe3 Kf5 56. Kd4 Kxg6 57. Kc4 Ne6 58. Kb5 Nd4+ 59. Ka6 Nc6 60.
Kb7 Na5+ 61. Kxa7 Nxb3 62. Kxb6 Kf6 63. a5 Nxa5 1/2-1/2

[Event "Titled Tue 17th Jun Late"]
[Site "chess.com INT"]
[Date "2025.06.17"]
[Round "4"]
[White "Wanyama, Harold"]
[Black "Swara Lakshmi S Nair"]
[Result "0-1"]
[WhiteTitle "FM"]
[BlackTitle "WCM"]
[WhiteElo "2143"]
[BlackElo "2187"]
[WhiteFideId "10000380"]
[BlackFideId "25629239"]
[EventDate "2025.06.17"]

1. d4 Nf6 2. c4 g6 3. Nc3 d5 4. Bf4 Bg7 5. e3 O-O 6. Rc1 c5 7. dxc5 Qa5 8. cxd5
Ne4 9. Ne2 Nxc5 10. a3 Ne4 11. f3 Nxc3 12. Nxc3 Rd8 13. Be2 Nd7 14. O-O Nf6 15.
e4 e6 16. Nb5 Qb6+ 17. Kh1 e5 18. Bxe5 Nxd5 19. Bxg7 Nf6 20. Qe1 Kxg7 21. Qc3
Bd7 22. Nc7 Rac8 23. e5 Nd5 24. Nxd5 Rxc3 25. Nxb6 Rxc1 26. Rxc1 axb6 27. Rd1
Kf8 28. Bc4 Ke7 29. Kg1 Rc8 30. Bxf7 Ba4 31. Rd4 Rc1+ 32. Kf2 Kxf7 33. Rxa4 Rc2+
34. Kg3 Rxb2 35. Rb4 Rxb4 36. axb4 Ke6 37. f4 b5 38. Kg4 h6 39. h4 b6 40. h5 Kf7
41. hxg6+ Kxg6 42. f5+ Kf7 43. Kh5 Kg7 44. g4 Kh7 0-1

[Event "Titled Tue 17th Jun Late"]
[Site "chess.com INT"]
[Date "2025.06.17"]
[Round "4"]
[White "Tamames Soria, Cesar Manuel"]
[Black "Noroozi, Omid"]
[Result "0-1"]
[WhiteTitle "IM"]
[BlackTitle "IM"]
[WhiteElo "2221"]
[BlackElo "2266"]
[WhiteFideId "3529169"]
[BlackFideId "12501190"]
[EventDate "2025.06.17"]

1. d4 Nf6 2. Nf3 e6 3. e3 d5 4. Bd3 c5 5. c3 Nc6 6. Nbd2 Be7 7. O-O O-O 8. dxc5
Bxc5 9. e4 dxe4 10. Nxe4 Nxe4 11. Bxe4 Bd7 12. Bf4 h6 13. b4 Be7 14. a4 Bf6 15.
Qb3 e5 16. Be3 Be6 17. Qa3 Rc8 18. a5 a6 19. Rfd1 Qe8 20. Rd2 Be7 21. Bd5 Bxd5
22. Rxd5 e4 23. Nd4 Nxd4 24. Bxd4 f5 25. Qb3 Kh7 26. Re5 Qd7 27. Qe6 Rc7 28. Bb6
Qxe6 29. Rxe6 Rd7 30. g4 g6 31. Rxe7+ Rxe7 32. Bc5 Rff7 33. Bxe7 Rxe7 34. Rd1
Rc7 35. c4 Kg7 36. c5 Kf6 37. Rd6+ Kg5 38. gxf5 gxf5 39. Kg2 Kf4 40. Rxh6 Ke5
41. Rd6 f4 42. h4 Kf5 43. Kh3 e3 44. fxe3 fxe3 45. Kg3 Ke4 46. Re6+ Kd3 47. Rd6+
Ke2 48. Re6 Rg7+ 49. Kf4 Kf2 50. Ke4 e2 51. Kd5 Rh7 52. Re5 e1=Q 53. Rxe1 Kxe1
54. c6 bxc6+ 55. Kxc6 Rxh4 56. Kb6 Rh6+ 57. Kc5 Kd2 58. b5 Rh5+ 59. Kb6 axb5 60.
a6 b4 61. a7 Rh8 62. Kb5 b3 0-1

[Event "Titled Tue 17th Jun Late"]
[Site "chess.com INT"]
[Date "2025.06.17"]
[Round "4"]
[White "Jarmula, Lukasz"]
[Black "Nguyen, Ngoc Truong Son"]
[Result "1-0"]
[WhiteTitle "GM"]
[BlackTitle "GM"]
[WhiteElo "2440"]
[BlackElo "2600"]
[WhiteFideId "1160664"]
[BlackFideId "12401110"]
[EventDate "2025.06.17"]

1. Nf3 Nf6 2. g3 e6 3. Bg2 d5 4. O-O Be7 5. d3 O-O 6. Nbd2 c5 7. e4 Nc6 8. Re1
dxe4 9. dxe4 e5 10. c3 Qc7 11. Nc4 Be6 12. Ne3 Rfd8 13. Qc2 h6 14. Nh4 c4 15.
Nhf5 Bf8 16. Qe2 b5 17. a4 a6 18. axb5 axb5 19. Rxa8 Rxa8 20. Nd5 Qd8 21. Rd1
Ra1 22. Nde7+ Bxe7 23. Rxd8+ Bxd8 24. Qd2 Nd7 25. h3 Na5 26. Nxg7 Kxg7 27. Qxh6+
Kg8 28. Kh2 Bf6 29. Bg5 Bg7 30. Qh4 Nc6 31. f4 f6 32. Bh6 Ra7 33. f5 Nf8 34.
fxe6 Nxe6 35. Qg4 Ncd8 36. Be3 Rd7 37. h4 Rd3 38. Bh6 Kh7 39. Bxg7 Nxg7 40. h5
Nge6 41. Qg6+ Kh8 42. Qxf6+ Kh7 43. Qxe5 Rd2 44. Qf5+ Kh8 45. Qf6+ Kh7 46. Kh3
Rxb2 47. e5 Re2 48. Bf3 1-0

[Event "Titled Tue 17th Jun Late"]
[Site "chess.com INT"]
[Date "2025.06.17"]
[Round "4"]
[White "Arabidze, Meri"]
[Black "Mansurova, Mumtozbegim"]
[Result "1-0"]
[WhiteTitle "IM"]
[BlackTitle "WCM"]
[WhiteElo "2440"]
[BlackElo "1800"]
[WhiteFideId "13604040"]
[BlackFideId "14215780"]
[EventDate "2025.06.17"]

1. Nf3 Nf6 2. g3 d5 3. Bg2 c6 4. d3 Bg4 5. O-O Nbd7 6. Nbd2 e5 7. e4 dxe4 8.
dxe4 Be7 9. h3 Bh5 10. Qe1 O-O 11. Nh4 Bg6 12. Nf5 Nc5 13. Nc4 Qc7 14. Bg5 b5
15. Na5 Ne6 16. Nxe7+ Qxe7 17. Nxc6 Qd6 18. Bxf6 Qxc6 19. Bxe5 Qxc2 20. f4 f6
21. Bc3 Bf7 22. Rf2 Qd3 23. Rd2 Qc4 24. a3 Rad8 25. Rad1 Rxd2 26. Rxd2 Rd8 27.
e5 Qc5+ 28. Kh2 fxe5 29. Bxe5 h6 30. Qd1 Rxd2 31. Qxd2 Qc8 32. Qa5 Qd7 33. Qa6
Nc5 34. Qc6 Qxc6 35. Bxc6 a6 36. Bd4 Nd3 37. Bb7 a5 38. Bc6 Bc4 39. Kg2 b4 40.
a4 Kf7 41. Kf3 Nc1 42. Bb6 Nb3 43. Ke3 Ke6 44. g4 g6 45. Be8 g5 46. f5+ Kf6 47.
Bd8+ Kg7 48. Be7 1-0

[Event "Titled Tue 17th Jun Late"]
[Site "chess.com INT"]
[Date "2025.06.17"]
[Round "4"]
[White "Fikiet, Alex"]
[Black "Pribelszky, Bence"]
[Result "1-0"]
[BlackTitle "IM"]
[WhiteElo "2151"]
[BlackElo "2396"]
[WhiteFideId "2052717"]
[BlackFideId "769738"]
[EventDate "2025.06.17"]

1. e4 e5 2. Bc4 Nf6 3. d3 c6 4. Nf3 d5 5. Bb3 Bd6 6. Nc3 d4 7. Ne2 O-O 8. O-O
Bg4 9. Ng3 Nh5 10. h3 Nxg3 11. fxg3 Be6 12. Nh4 Bxb3 13. axb3 g6 14. Bh6 Re8 15.
Nf3 Nd7 16. Qd2 Qe7 17. Rf2 a5 18. Raf1 a4 19. bxa4 Rxa4 20. g4 Ra2 21. Nh2 Rxb2
22. Rxf7 Qxf7 23. Rxf7 Kxf7 24. Nf3 Rb1+ 25. Kh2 Be7 26. Qf2 Kg8 27. h4 Ra8 28.
h5 Raa1 29. Kg3 Rh1 30. Bg5 Bb4 31. Bd2 Be7 32. Bg5 Bf8 33. hxg6 hxg6 34. Nh4
Raf1 35. Qd2 Kg7 36. Bh6+ Kh7 37. Bxf8 Rxf8 38. Qg5 Rf6 39. Nf3 Rf1 40. Nxe5
Nxe5 41. Qxe5 R6f2 42. Qe7+ Kh8 43. Qd8+ Kh7 44. Qxd4 Rxc2 45. Qd7+ Kh8 46. Qxb7
Rff2 47. Kh4 Rxg2 48. Kg5 Rc5+ 49. Kh6 Kg8 50. Qg7# 1-0

[Event "Titled Tue 17th Jun Late"]
[Site "chess.com INT"]
[Date "2025.06.17"]
[Round "4"]
[White "Clawitter, Craig"]
[Black "Sohal, Tanraj"]
[Result "1/2-1/2"]
[BlackTitle "FM"]
[WhiteElo "2050"]
[BlackElo "2234"]
[WhiteFideId "2023105"]
[BlackFideId "2608499"]
[EventDate "2025.06.17"]

1. e4 c5 2. Nf3 e6 3. d4 cxd4 4. Nxd4 Nf6 5. Nc3 Nc6 6. Ndb5 d6 7. Bf4 e5 8. Bg5
a6 9. Na3 Be7 10. Bxf6 Bxf6 11. Nc4 Be7 12. Nd5 O-O 13. Nxe7+ Qxe7 14. Qxd6 Qg5
15. Qd2 Qg6 16. O-O-O Qxe4 17. Nb6 Rb8 18. Bd3 Qd4 19. Nd5 Be6 20. Ne3 Bxa2 21.
c3 Qa4 22. Bc2 Bb3 23. Qd3 Bxc2 24. Nxc2 Rbd8 25. Qf3 Na5 26. Kb1 Nc4 27. Qe2
Qb3 28. Ne3 Na3+ 29. Ka1 Nb5 30. Rxd8 Rxd8 31. Rd1 Qa4+ 32. Kb1 Rxd1+ 33. Qxd1
Qxd1+ 34. Nxd1 f6 35. Kc2 Kf7 36. f3 Ke6 37. Kd3 Nd6 38. Ne3 f5 39. g3 g5 40. h4
h6 41. hxg5 hxg5 42. g4 fxg4 43. Nxg4 Kf5 44. Ne3+ Kf4 45. Ke2 e4 46. Nd5+ Ke5
47. fxe4 Kxe4 48. Nc7 Nc4 49. Ne6 Kd5 50. Nxg5 Nxb2 51. Kd2 Nc4+ 52. Kd3 Ne5+
53. Kc2 a5 54. Kb3 b5 55. Nh3 a4+ 56. Kb4 Kc6 57. Nf4 Nc4 58. Nd3 Nd6 59. Ne5+
Kd5 60. Nd7 Kc6 61. Ne5+ Kb6 62. Nd7+ Kc7 63. Nc5 Kc6 64. Nxa4 bxa4 65. Kxa4 Kc5
66. Kb3 Nb5 67. c4 Nd4+ 68. Kc3 Nc6 69. Kd3 Ne7 70. Ke4 Nc8 71. Kd3 Nb6 72. Kc3
Nxc4 1/2-1/2

[Event "Titled Tue 17th Jun Late"]
[Site "chess.com INT"]
[Date "2025.06.17"]
[Round "4"]
[White "Smieszek, Wojciech"]
[Black "Leiva, Gianmarco"]
[Result "1/2-1/2"]
[WhiteTitle "CM"]
[BlackTitle "IM"]
[WhiteElo "2141"]
[BlackElo "2387"]
[WhiteFideId "1156047"]
[BlackFideId "3804399"]
[EventDate "2025.06.17"]

1. e4 c5 2. Nf3 d6 3. d4 cxd4 4. Nxd4 Nf6 5. Nc3 a6 6. Be3 e5 7. Nb3 Be7 8. Qd2
Ng4 9. g3 Nxe3 10. Qxe3 Be6 11. O-O-O O-O 12. f4 Nd7 13. Kb1 Nf6 14. f5 Bd7 15.
g4 Nxg4 16. Qg3 Nf6 17. Bc4 Kh8 18. Rhg1 Nh5 19. Qf3 g6 20. Nd5 Bc6 21. Qh3 b5
22. Be2 Bxd5 23. Bxh5 Bxe4 24. fxg6 fxg6 25. Bxg6 Bxg6 26. Rxg6 Rf6 27. Rxf6
Bxf6 28. Nc5 Qe7 29. Ne4 Rd8 30. Rf1 Rf8 31. a4 Bg7 32. Rxf8+ Qxf8 33. axb5 axb5
34. Qd7 Qf1+ 35. Ka2 Qc4+ 36. Kb1 Qf1+ 37. Ka2 Qc4+ 38. b3 Qxc2+ 39. Ka3 b4+ 40.
Ka4 Bf8 41. Qe8 Kg7 42. Qd7+ Kg6 43. Qe6+ Kg7 44. Qf6+ Kg8 45. Qe6+ Kg7 46. Qf6+
Kg8 47. Qe6+ Kh8 48. Qf6+ Kg8 1/2-1/2

[Event "Titled Tue 17th Jun Late"]
[Site "chess.com INT"]
[Date "2025.06.17"]
[Round "4"]
[White "Silva Lucena, Cristian"]
[Black "Ambartsumova, Karina"]
[Result "1/2-1/2"]
[WhiteTitle "FM"]
[BlackTitle "IM"]
[WhiteElo "2243"]
[BlackElo "2403"]
[WhiteFideId "2232588"]
[BlackFideId "4166299"]
[EventDate "2025.06.17"]

1. e4 c5 2. Nf3 a6 3. c4 Nc6 4. d4 cxd4 5. Nxd4 Nf6 6. Nc3 e5 7. Nf5 d5 8. cxd5
Bxf5 9. exf5 Nd4 10. Bd3 Be7 11. O-O O-O 12. Be3 Nxd5 13. Bxd4 exd4 14. Nxd5
Qxd5 15. Re1 Bf6 16. Qb3 Qd7 17. g3 Rac8 18. Rac1 h6 19. Qb6 Rxc1 20. Rxc1 Qd5
21. Qb3 Qf3 22. Qd1 Qxd1+ 23. Rxd1 Rc8 24. Kf1 b5 25. Ke2 Rc5 26. Kd2 Kf8 27.
Re1 Bd8 28. Re4 Rd5 29. g4 Ba5+ 30. Kc2 Bc7 31. h3 Bb6 32. Re2 Rc5+ 33. Kd1 Bc7
34. Rc2 Rxc2 35. Kxc2 Ke7 36. a4 bxa4 37. Bxa6 Bd6 38. Kd3 f6 39. Bb5 a3 40.
bxa3 Bxa3 41. Kxd4 Kd6 42. f4 Bc1 43. Ke4 Kc5 44. Be2 Bd2 45. h4 Kd6 46. Bc4 Be1
47. h5 Bd2 48. Bb3 Kc5 49. Ba2 Bc1 50. Bg8 Kb4 51. Kd5 Bxf4 52. Ke6 Kc5 53. Kf7
Kd4 54. Kxg7 Bg5 55. Bb3 Ke3 56. Bd1 Kd2 57. Ba4 Ke2 58. Kf7 Kf3 59. Bd1+ Ke3
60. Ke6 Kd2 61. Ba4 Ke2 62. Kd5 Kf2 63. Bd1 Ke1 64. Ba4 Ke2 65. Ke4 Kf2 66. Bb5
Kg3 67. Be2 Kf2 68. Bd1 Ke1 69. Bb3 Kf2 70. Bc2 Ke2 71. Bb3 Kd2 72. Ba4 Kc1 73.
Bb5 Kb2 74. Kf3 Kc3 75. Be8 Kd4 76. Bg6 Ke5 77. Bh7 Kd6 78. Bg8 Ke5 79. Bh7 Kd6
80. Bg8 Ke5 81. Bh7 1/2-1/2

[Event "Titled Tue 17th Jun Late"]
[Site "chess.com INT"]
[Date "2025.06.17"]
[Round "4"]
[White "Perry, Patrick"]
[Black "Stemmler, Fabian"]
[Result "0-1"]
[BlackTitle "CM"]
[WhiteElo "2296"]
[BlackElo "2190"]
[WhiteFideId "30917727"]
[BlackFideId "12964808"]
[EventDate "2025.06.17"]

1. e4 e6 2. d4 d5 3. Nc3 Nf6 4. e5 Nfd7 5. f4 c5 6. Nf3 Nc6 7. Be3 cxd4 8. Nxd4
Qb6 9. Qd2 Qxb2 10. Rb1 Qa3 11. Rb3 Qa5 12. Ncb5 a6 13. Qxa5 Nxa5 14. Nc7+ Kd8
15. Nxa8 Nxb3 16. axb3 Bc5 17. Kf2 b5 18. Nf3 Bxe3+ 19. Kxe3 Bb7 20. Bd3 Bxa8
21. Kd4 Ke7 22. h4 h6 23. Ra1 Bb7 24. Ra5 f6 25. g3 Rf8 26. Ra1 Ra8 27. Ra5 Bc6
28. b4 Nb6 29. Ra1 Nc4 30. Kc5 Bd7 31. exf6+ gxf6 32. Bxc4 Rc8+ 33. Kb6 Rxc4 34.
Rxa6 Rxc2 35. Ra7 Rc6+ 36. Ka5 Rc3 37. Nd4 Ra3+ 38. Kb6 Rxa7 39. Kxa7 e5 40. Nf3
Kd6 41. Kb6 d4 42. fxe5+ fxe5 43. Nd2 Kd5 44. Kc7 Be8 45. Kd8 Bc6 46. g4 e4 47.
g5 e3 48. Nb3 hxg5 49. hxg5 Kc4 50. Nc5 e2 51. g6 e1=Q 52. g7 Qe8+ 53. Kc7 Kxb4
54. Kd6 Kc4 55. Ne6 Qd7+ 56. Ke5 Bd5 57. g8=Q Qxe6+ 58. Qxe6 Bxe6 59. Kxe6 d3 0-1

[Event "Titled Tue 17th Jun Late"]
[Site "chess.com INT"]
[Date "2025.06.17"]
[Round "4"]
[White "Winkels, Marcel"]
[Black "Alothman , Ali Layth Ahmed"]
[Result "1-0"]
[WhiteTitle "CM"]
[BlackTitle "FM"]
[WhiteElo "1905"]
[BlackElo "2179"]
[WhiteFideId "1003887"]
[BlackFideId "4801920"]
[EventDate "2025.06.17"]

1. e4 c6 2. Nf3 d5 3. exd5 cxd5 4. Ne5 Nc6 5. d4 Nf6 6. Bb5 Bd7 7. Nxd7 Qxd7 8.
c3 Ne4 9. O-O Nd6 10. Bd3 e6 11. Nd2 Be7 12. Nf3 f6 13. Re1 O-O-O 14. b4 Rde8
15. a4 Kb8 16. a5 Bd8 17. Bf4 Bc7 18. Qa4 g5 19. Bxd6 Qxd6 20. Bb5 g4 21. Bxc6
bxc6 22. Nd2 Qxh2+ 23. Kf1 g3 24. Nf3 Qh1+ 25. Ng1 gxf2 26. Kxf2 Qh4+ 27. Kf1
Qf4+ 28. Nf3 Qd6 29. b5 Rhg8 30. bxc6 Ka8 31. Rab1 Rxg2 32. Re2 Rxe2 33. Kxe2
Qg3 34. Rg1 Qf4 35. Rg7 Qe4+ 36. Kf2 Bf4 37. c7 Qe3+ 38. Kg2 Qe2+ 39. Kg1 Be3+
40. Kh1 Qxf3+ 41. Kh2 Bf4+ 42. Kg1 Be3+ 43. Kh2 Qf4+ 44. Kh3 Qf1+ 45. Kh2 Qe2+
46. Kg3 Bf2+ 47. Kh3 Qf3+ 48. Kh2 Qf4+ 49. Kh3 Qf5+ 50. Kg2 Qe4+ 51. Kxf2 1-0

[Event "Titled Tue 17th Jun Late"]
[Site "chess.com INT"]
[Date "2025.06.17"]
[Round "4"]
[White "Hon, Eric"]
[Black "Sailer, Mike"]
[Result "0-1"]
[WhiteElo "1962"]
[BlackElo "2108"]
[WhiteFideId "2097117"]
[BlackFideId "2012901"]
[EventDate "2025.06.17"]

1. e4 d5 2. exd5 Qxd5 3. Nc3 Qd6 4. Nf3 c6 5. d4 Bf5 6. Ne5 Nd7 7. Bf4 Nxe5 8.
Bxe5 Qg6 9. Rc1 e6 10. f3 h5 11. Kf2 Nf6 12. a4 Bb4 13. Ne2 h4 14. Nf4 Qh6 15.
c3 Be7 16. Bd3 Bxd3 17. Nxd3 Nd5 18. c4 Qe3+ 19. Kf1 Qxe5 20. dxe5 Ne3+ 21. Ke2
Nxd1 22. Rhxd1 O-O-O 23. f4 g5 24. g3 hxg3 25. hxg3 gxf4 26. gxf4 Rh2+ 27. Ke3
Rg8 28. Rg1 Rh3+ 29. Ke4 Rd8 30. Rcd1 Bf8 31. Rg2 Bh6 32. b4 Rh4 33. Rf2 b6 34.
b5 c5 35. a5 Rd4+ 36. Ke3 Rh3+ 37. Ke2 Rh4 38. axb6 axb6 39. f5 Rde4+ 40. Kf1
exf5 41. Nb2 Rh1+ 42. Kg2 Rxd1 43. Nxd1 Rxe5 44. Nc3 f4 45. Nd5 Rg5+ 46. Kf3
Rg3+ 47. Ke4 Rb3 48. Nxb6+ Kb7 49. Nd5 Rb2 50. Nxf4 Rxf2 0-1